000 00724nam a22002057a 4500
005 20251108173708.0
008 250721s9999 xx 000 0 ara d
082 1 4 _aط/219/حاج
100 1 _aالحاجي، محمد عمر
_eمؤلف
245 1 0 _aأخلاق الرسول صلى الله عليه و سلم /
264 1 _aدمشق :
_bدا الحافظ،
300 _a10ج في 1مج .
500 _aان القصة تحتوي على 10 أجزاء في مجلد الواحد
650 1 7 _aالسيره النبويه
650 1 7 _aاخلاق الرسول
650 1 7 _aمحمد صلى عليه وسلم
653 _aمرحله اطفال متوسطه 6-9 سنوات
942 _2ddc
_cBK
999 _c110179
_d110179